Rectificaciones históricas / (Record no. 15618)

MARC details
000 -LEADER
campo de control de longitud fija 00982cam a2200253 4500
001 - NÚMERO DE CONTROL
campo de control 22875
005 - FECHA Y HORA DE LA ÚLTIMA TRANSACCIÓN
campo de control 20230410101913.0
008 - DATOS DE LONGITUD FIJA--INFORMACIÓN GENERAL
campo de control de longitud fija 060907s1976 dr spa
035 ## - NÚMERO DE CONTROL DEL SISTEMA
-- funglode23040
041 ## - CÓDIGO DE IDIOMA
Código de lengua del texto/banda sonora o título independiente spa
050 14 - SIGNATURA TOPOGRÁFICA DE LA BIBLIOTECA DEL CONGRESO
Número de clasificación 118 F 1938
Número de ítem T266r 1976
082 00 - NÚMERO DE LA CLASIFICACIÓN DECIMAL DEWEY
Número de clasificación 972.93
100 1# - ENTRADA PRINCIPAL--NOMBRE DE PERSONA
Nombre de persona Tejera, Apolinar
245 10 - MENCIÓN DEL TÍTULO
Título Rectificaciones históricas /
Mención de responsabilidad, etc. Apolinar Tejera; con introd. y reseña crítica bibliográfica de Jorge Tena Reyes ; Indice de una vida ilustre del Lic. Vetilio Alfau Durán, y del [i.e. el] relato La bella catalina del Lic. Tejera.
250 ## - MENCION DE EDICION
Mención de edición 2a ed.
260 ## - PUBLICACIÓN, DISTRIBUCIÓN, ETC.
Lugar de publicación, distribución, etc. Santo Domingo :
Nombre del editor, distribuidor, etc. Editora Taller,
Fecha de publicación, distribución, etc. 1976
300 ## - DESCRIPCIÓN FÍSICA
Extensión 345 p. :
Otras características físicas port. ;
Dimensiones 23 cm.
490 0# - MENCIÓN DE SERIE
Mención de serie Publicación de la Biblioteca Nacional ;
Designación de volumen o secuencia v. 3
651 #4 - PUNTO DE ACCESO ADICIONAL DE MATERIA--NOMBRE GEOGRÁFICO
Nombre geográfico República Dominicana
Subdivisión general Historia
651 #0 - PUNTO DE ACCESO ADICIONAL DE MATERIA--NOMBRE GEOGRÁFICO
Nombre geográfico Dominican Republic
Subdivisión general History.
700 22 - ENTRADA AGREGADA--NOMBRE PERSONAL
Nombre de persona Alfau Durán, Vetilio.
Título de la obra Indice de una vida ilustre. 1976.
700 12 - ENTRADA AGREGADA--NOMBRE PERSONAL
Nombre de persona Tejera, Apolinar.
Título de la obra La bella catalina. 1976.
942 ## - ELEMENTOS DE ENTRADA SECUNDARIOS (KOHA)
Fuente del sistema de clasificación o colocación Clasificación de Library of Congress
Tipo de ítem Koha
Holdings
Estatus retirado Estado de pérdida Fuente del sistema de clasificación o colocación Estado de daño No para préstamo Colección Biblioteca de origen Biblioteca actual Ubicación en estantería Fecha de adquisición Serial enumeration / chronology Signatura topográfica completa Código de barras Visto por última vez Copia número Tipo de ítem Koha
    Clasificación de Library of Congress     Recursos Regionales Biblioteca Juan Bosch Biblioteca Juan Bosch Recursos Regionales (2do. Piso) 23/10/2018 1 118 F 1938 T266r 1976 00000023827 23/10/2018 1